000 00648nam a2200181Ia 4500
008 100920s9999 xx 000 0 und d
082 _b101729
_a891.43 न 05
100 _aकुमार अनंत.
245 _aहम और हमारा सौर मण्डल.
260 _bशब्दभारती प्रकाशन.इलहाबाद.
_c2005
300 _a80
_bसाधी
365 _b100
520 _aहिंदी.
630 _aहम और हमारा सौर मण्डल.
650 _aहिंदी.
730 _aहम और हमारा सौर मण्डल.
942 _cBOOK
999 _c742162
_d742159